Practical faster reading

Đã lưu trong:
Chi tiết về thư mục
Định dạng: Sách
Được phát hành: 1993
Các nhãn: Thêm thẻ
Không có thẻ, Là người đầu tiên thẻ bản ghi này!
Thư viện lưu trữ: Mạng thư viện Đại học Đà Nẵng
LEADER 00434nam a22001811a 4500
001 000037669
003 13964
005 20160412020422.0
008 160412s1993 000
082 |a 4A(07)1018 
245 |a Practical faster reading  |c Gerald Mosback 
260 |c 1993 
OWN |a LNN 
999 |a From the UDN01 
TYP |a Monograph 
980 |a Mạng thư viện Đại học Đà Nẵng